| 000 | 00868cam a2200253Ma 4500 | ||
|---|---|---|---|
| 999 |
_c8947 _d8947 |
||
| 001 | 167172986 | ||
| 003 | OCoLC | ||
| 005 | 20241126110702.0 | ||
| 008 | 020110t19251924nyu 000 0 eng d | ||
| 035 | _a(OCoLC)167172986 | ||
| 040 |
_aZF3 _cZF3 _dOCLCG _dCIRBC |
||
| 082 |
_a252 _bCHA |
||
| 092 | 0 |
_a252 _bC4672o |
|
| 100 | 1 |
_aChappell, Clovis Gillham, _d1882-1972. _98989 |
|
| 245 | 1 | 0 |
_aSermons on Old Testament characters. Sermons on New Testament characters / _cClovis G. Chappell. |
| 260 |
_aNew York : _bHarper & Brothers, _c1925, 1924. |
||
| 300 |
_a169, 189 p. ; _c20 cm. |
||
| 500 | _aSpine title : Sermons on Old and New Testament characters. | ||
| 500 | _aSeparate title pages. | ||
| 630 | 0 | 0 |
_aBible _vBiography. _91918 |
| 700 | 1 |
_aChappell, Clovis Gillham, _d1882-1972. _98989 |
|
| 740 | 0 | _aSermons on Old and New Testament characters. | |
| 942 |
_2ddc _cBK |
||